000 00678nam a22002417a 4500
003 UA-OsUOA
001 95589
007 ta
008 20130305b un ||||| |||| 00| 0 ukr d
100 _aКапица П.
090 _a821.161.1
_bК20
942 _cBK
040 _aUA-OsUOA
_brus
_cUA-OsUOA
_dUA-OsUOA
245 _aВ море погасли огни
_bблокадные дневники
300 _a367 с.
955 _a3
041 _arus
080 _a821.161.1
260 _aЛенинград
_bСоветский писатель
_c1974
044 _aRU
650 7 _a82 Література. Літературознавство
_2UDC
999 _c381836
_d381836